| 000 | 01081nam a22003017a 4500 | ||
|---|---|---|---|
| 001 | 7560 | ||
| 003 | FISKH | ||
| 005 | 20250724100134.0 | ||
| 008 | 250724b cb ||||| |||| 00| 0 eng d | ||
| 020 | _a0590415077 | ||
| 040 |
_aFISKH _beng _cFISKH _dFISKH |
||
| 050 | _a PZ7.H1124 P | ||
| 082 | _a370 | ||
| 100 |
_aHaas, Dorothy _d(1935-) |
||
| 245 |
_aPeanut Butter and Jelly : _bPeanut and Jilly forever / _cDorothy Haas ; Illustrated by Jeffrey Lindberg |
||
| 250 | _aThis edition first published in 1988 | ||
| 260 |
_aNew York : _bScholastic, _c1988 |
||
| 300 |
_a61 pages : _billustrations ; _c20 cm |
||
| 505 | _aJ | ||
| 520 | _aPeanut and Jilly, the most competitive girls in their class, think that they cannot stand each other, until their teacher assigns them the task of studying and writing reports about each other. | ||
| 521 | 8 |
_a500
_bLexile |
|
| 521 | 8 |
_aJ
_bRaz-Plus |
|
| 650 |
_2Realistic fiction _aChapter book |
||
| 650 |
_2Carman _aPeanut butter and jelly |
||
| 700 |
_aLinberg, Jeffrey _dillustrator |
||
| 942 |
_2ddc _cBK _n0 |
||
| 999 |
_c7560 _d7560 |
||